[Event "CYCC U10 w"]
[Site "Quebec CAN"]
[Date "2008.07.14"]
[Round "2"]
[White "Kubiak, Ola"]
[Black "Lingyun, Shi"]
[Result "0-1"]
[Annotator "Brodie,Hugh"]
[WhiteElo "850"]
[BlackElo "1164"]
[PlyCount "44"]
[GameId "2160767739706444"]
[EventDate "2008.07.14"]
[EventType "swiss"]
[EventRounds "7"]
[EventCountry "CAN"]

1. e4 e5 2. Qh5 Nc6 3. Bb5 g6 4. Qd1 Bg7 5. Qg4 d5 6. Qe2 dxe4 7. Qxe4 Bd7 8. Nf3 Qe7 9. d3 a6 10. Bc4 Nf6 11. Qe2 O-O 12. d4 exd4 13. Qxe7 Nxe7 14. Nxd4 Nf5 15. c3 c5 16. Ne2 Bc6 17. Rg1 Nh4 18. Kd1 Rad8+ 19. Nd4 Nf5 20. Nd2 Nxd4 21. cxd4 Rxd4 22. Re1 Bxg2 {etc.} 0-1

[Event "CYCC U10 w"]
[Site "Quebec CAN"]
[Date "2008.07.14"]
[Round "2"]
[White "Milicevic, Aleksandra"]
[Black "Leveille, Maryse"]
[Result "1-0"]
[WhiteElo "1098"]
[BlackElo "1121"]
[PlyCount "55"]
[GameId "2160767910353976"]
[EventDate "2008.07.14"]
[EventType "swiss"]
[EventRounds "7"]
[EventCountry "CAN"]
[SourceTitle "EXT 2011"]
[Source "ChessBase"]
[SourceDate "2011.11.26"]
[SourceVersion "1"]
[SourceVersionDate "2011.11.26"]
[SourceQuality "1"]

1. e4 e5 2. Nf3 Nc6 3. Bc4 Nf6 4. c3 Bc5 5. d3 O-O 6. O-O d6 7. a4 Bd7 8. b4 d5 9. exd5 Bd6 10. dxc6 bxc6 11. Re1 Re8 12. Bg5 h6 13. Bxf6 Qxf6 14. Qc2 Rab8 15. Nbd2 c5 16. Ne4 Qe7 17. Nxd6 Qxd6 18. bxc5 Qxc5 19. d4 exd4 20. Rxe8+ Rxe8 21. cxd4 Be6 22. dxc5 Bxc4 23. Qxc4 Re6 24. Qc2 Rc6 25. Rd1 g6 26. Rd8+ Kg7 27. Qc3+ Kh7 28. Rh8# 1-0

[Event "CYCC U10 w"]
[Site "Quebec CAN"]
[Date "2008.07.14"]
[Round "2"]
[White "Peng, Jackie"]
[Black "Cheng, Megan"]
[Result "1-0"]
[WhiteElo "1210"]
[BlackElo "1049"]
[PlyCount "57"]
[GameId "2160767910353977"]
[EventDate "2008.07.14"]
[EventType "swiss"]
[EventRounds "7"]
[EventCountry "CAN"]
[SourceTitle "EXT 2011"]
[Source "ChessBase"]
[SourceDate "2011.11.26"]
[SourceVersion "1"]
[SourceVersionDate "2011.11.26"]
[SourceQuality "1"]

1. e4 e5 2. Nf3 Nc6 3. d4 exd4 4. Nxd4 Nxd4 5. Qxd4 Nf6 6. Nc3 Be7 7. Bc4 O-O 8. O-O d6 9. Bf4 Bg4 10. h3 Bh5 11. Rfe1 Re8 12. Qe3 Qd7 13. Qg3 Bg6 14. Rad1 Rad8 15. e5 Nh5 16. Qf3 Nxf4 17. Qxf4 Bxc2 18. Rd2 Bg6 19. e6 Qc8 20. exf7+ Bxf7 21. Bxf7+ Kh8 22. Bxe8 Rxe8 23. Rde2 Qd8 24. Nd5 Rf8 25. Qa4 Bg5 26. Re8 Qf6 27. Rxf8+ Qxf8 28. Re8 Qxe8 29. Qxe8# 1-0

[Event "CYCC U10 w"]
[Site "Quebec CAN"]
[Date "2008.07.14"]
[Round "2"]
[White "Reiher, Laurence"]
[Black "Labrosse, Karine"]
[Result "1-0"]
[WhiteElo "1039"]
[BlackElo "786"]
[PlyCount "41"]
[GameId "2160767910353978"]
[EventDate "2008.07.14"]
[EventType "swiss"]
[EventRounds "7"]
[EventCountry "CAN"]
[SourceTitle "EXT 2011"]
[Source "ChessBase"]
[SourceDate "2011.11.26"]
[SourceVersion "1"]
[SourceVersionDate "2011.11.26"]
[SourceQuality "1"]

1. e4 e5 2. Nf3 Nc6 3. Bc4 Nf6 4. Nc3 Bc5 5. O-O O-O 6. d3 d6 7. Bg5 Bg4 8. h3 Bd7 9. Nd5 Qc8 10. Nxf6+ Kh8 11. Nxd7 Qxd7 12. Bd5 Bd4 13. Nxd4 Rfe8 14. Bxc6 bxc6 15. Nf5 g6 16. Nh6 Kg7 17. Qg4 Re6 18. Qf3 Qc8 19. Qxf7+ Kh8 20. Bf6+ Rxf6 21. Qxf6# 1-0

[Event "CYCC U10 w"]
[Site "Quebec CAN"]
[Date "2008.07.15"]
[Round "3"]
[White "Giblon, Melissa"]
[Black "Reiher, Laurence"]
[Result "1/2-1/2"]
[WhiteElo "1188"]
[BlackElo "1039"]
[PlyCount "93"]
[GameId "2160767910353979"]
[EventDate "2008.07.14"]
[EventType "swiss"]
[EventRounds "7"]
[EventCountry "CAN"]
[SourceTitle "EXT 2011"]
[Source "ChessBase"]
[SourceDate "2011.11.26"]
[SourceVersion "1"]
[SourceVersionDate "2011.11.26"]
[SourceQuality "1"]

1. e4 e5 2. Nf3 Nc6 3. Bc4 Nf6 4. d3 Bc5 5. Nc3 O-O 6. Bg5 Be7 7. O-O h6 8. Bh4 Bc5 9. Nd5 Be7 10. Nxe7+ Qxe7 11. Nd2 d6 12. h3 Bd7 13. Qf3 Nd4 14. Qd1 Be6 15. Bb3 Nxb3 16. Nxb3 d5 17. exd5 Bxd5 18. c4 Bc6 19. Re1 Qe6 20. d4 Ba4 21. d5 Qd6 22. c5 Qe7 23. d6 cxd6 24. Qxd6 Qxd6 25. cxd6 Nd7 26. Nd2 Rac8 27. b3 Bb5 28. a4 Bc6 29. Nc4 f6 30. Ne3 Rfe8 31. Nf5 a6 32. Ne7+ Rxe7 33. dxe7 Re8 34. Bg3 Rxe7 35. f4 e4 36. f5 e3 37. Bf4 e2 38. Kf2 g5 39. Bd6 Re4 40. Rxe2 Rxe2+ 41. Kxe2 Bxg2 42. h4 gxh4 43. Rg1 h3 44. Bf4 Kh7 45. Kf2 Nc5 46. b4 Nxa4 47. Kg3 1/2-1/2

[Event "CYCC U10 w"]
[Site "Quebec CAN"]
[Date "2008.07.15"]
[Round "3"]
[White "Labrosse, Karine"]
[Black "Kubiak, Ola"]
[Result "0-1"]
[WhiteElo "786"]
[BlackElo "850"]
[PlyCount "96"]
[GameId "2160767910353980"]
[EventDate "2008.07.14"]
[EventType "swiss"]
[EventRounds "7"]
[EventCountry "CAN"]
[SourceTitle "EXT 2011"]
[Source "ChessBase"]
[SourceDate "2011.11.26"]
[SourceVersion "1"]
[SourceVersionDate "2011.11.26"]
[SourceQuality "1"]

1. e4 e5 2. Nf3 Nc6 3. Bc4 Nf6 4. Nc3 Bc5 5. O-O Ng4 6. d3 Nxf2 7. Qe1 d6 8. Bg5 f6 9. Bd2 Qd7 10. Nb5 Nxd3+ 11. Qf2 Bxf2+ 12. Kh1 a6 13. Nc3 Nxb2 14. Rxf2 Nxc4 15. Be1 Nd4 16. Nh4 Nxc2 17. Rc1 Nxe1 18. Rxe1 g5 19. Rxf6 gxh4 20. Ref1 Qg4 21. g3 hxg3 22. Nd5 Kd8 23. Rf7 Bd7 24. Nf6 Qe6 25. Rg7 Ne3 26. Rf3 Qxa2 27. hxg3 Qa1+ 28. Kh2 Nf1+ 29. Kg2 Rf8 30. Rxh7 Bg4 31. Nxg4 Rxf3 32. Kxf3 Qd1+ 33. Kg2 Ra7 34. Rh8+ Kd7 35. Nf6+ Kc6 36. Rh1 Ne3+ 37. Kh2 Qd2+ 38. Kh3 Qg2+ 39. Kh4 Qxh1+ 40. Kg5 a5 41. g4 Qg1 42. Kh5 a4 43. g5 Ra8 44. Kh6 Qh1+ 45. Nh5 a3 46. g6 a2 47. g7 a1=R 48. Kh7 Qxh5# 0-1

[Event "CYCC U10 w"]
[Site "Quebec CAN"]
[Date "2008.07.15"]
[Round "3"]
[White "Leveille, Maryse"]
[Black "Cheng, Megan"]
[Result "1-0"]
[WhiteElo "1121"]
[BlackElo "1049"]
[PlyCount "65"]
[GameId "2160767910353981"]
[EventDate "2008.07.14"]
[EventType "swiss"]
[EventRounds "7"]
[EventCountry "CAN"]
[SourceTitle "EXT 2011"]
[Source "ChessBase"]
[SourceDate "2011.11.26"]
[SourceVersion "1"]
[SourceVersionDate "2011.11.26"]
[SourceQuality "1"]

1. e4 e5 2. Nf3 Nc6 3. Bc4 Nf6 4. Nc3 Bc5 5. O-O d6 6. d3 O-O 7. Bd2 Bg4 8. h3 Bh5 9. Re1 Nd4 10. Be3 Nxf3+ 11. gxf3 Bxe3 12. Rxe3 Qe7 13. Qd2 Nd7 14. Kf1 Qh4 15. Ke2 Qxh3 16. Qe1 Qh4 17. Rd1 Rfe8 18. Nd5 Rac8 19. Qh1 Qxh1 20. Rxh1 Bg6 21. f4 exf4 22. Nxf4 Re7 23. Nxg6 hxg6 24. Reh3 Rxe4+ 25. dxe4 Kf8 26. Rh8+ Ke7 27. Rxc8 Nb6 28. Rxc7+ Kd8 29. Rxf7 Nxc4 30. b3 Ne5 31. Rxg7 Ke8 32. Rxb7 Kf8 33. Rh8# 1-0

[Event "CYCC U10 w"]
[Site "Quebec CAN"]
[Date "2008.07.15"]
[Round "3"]
[White "Milicevic, Aleksandra"]
[Black "Peng, Jackie"]
[Result "0-1"]
[WhiteElo "1098"]
[BlackElo "1210"]
[PlyCount "108"]
[GameId "2160767910353982"]
[EventDate "2008.07.14"]
[EventType "swiss"]
[EventRounds "7"]
[EventCountry "CAN"]
[SourceTitle "EXT 2011"]
[Source "ChessBase"]
[SourceDate "2011.11.26"]
[SourceVersion "1"]
[SourceVersionDate "2011.11.26"]
[SourceQuality "1"]

1. e4 e5 2. Nf3 Nc6 3. Bc4 Nf6 4. Ng5 d5 5. exd5 Na5 6. Bb5+ Bd7 7. Be2 Nxd5 8. d4 Qe7 9. Bf3 exd4+ 10. Be2 Bb5 11. O-O Bxe2 12. Qxd4 Bxf1 13. Kxf1 Nb6 14. Nc3 Rd8 15. Qf4 h6 16. Nf3 Qe6 17. Bd2 Qc4+ 18. Qxc4 Nbxc4 19. Bf4 Nxb2 20. Bxc7 Rd7 21. Bxa5 Nc4 22. Re1+ Re7 23. Rxe7+ Bxe7 24. Bc7 O-O 25. Bf4 Na3 26. Nd5 Bf6 27. Bd6 Rd8 28. Nxf6+ gxf6 29. Bxa3 Rd1+ 30. Ke2 Ra1 31. Be7 Rxa2 32. Bxf6 Rxc2+ 33. Ke3 b5 34. g4 b4 35. h4 b3 36. g5 b2 37. Bxb2 Rxb2 38. gxh6 Kh7 39. Kf4 Kxh6 40. Kg4 Rxf2 41. Ne5 a5 42. h5 a4 43. Kg3 Rf5 44. Nc4 Rxh5 45. Kg4 f5+ 46. Kf3 Rh4 47. Ne3 Rh3+ 48. Kf2 Rxe3 49. Kxe3 a3 50. Kf4 a2 51. Kxf5 a1=Q 52. Ke6 Qd4 53. Kf7 Qe5 54. Kg8 Qg7# 0-1

[Event "CYCC U10 w"]
[Site "Quebec CAN"]
[Date "2008.07.15"]
[Round "3"]
[White "Sametova, Zhanna"]
[Black "Lingyun, Shi"]
[Result "0-1"]
[WhiteElo "976"]
[BlackElo "1164"]
[PlyCount "128"]
[GameId "2160767910353983"]
[EventDate "2008.07.14"]
[EventType "swiss"]
[EventRounds "7"]
[EventCountry "CAN"]
[SourceTitle "EXT 2011"]
[Source "ChessBase"]
[SourceDate "2011.11.26"]
[SourceVersion "1"]
[SourceVersionDate "2011.11.26"]
[SourceQuality "1"]

1. e4 e5 2. Nf3 Nc6 3. d4 exd4 4. Nxd4 Bc5 5. Be3 Qf6 6. c3 Nge7 7. Bb5 Bxd4 8. Bxd4 Nxd4 9. Qxd4 Qxd4 10. cxd4 O-O 11. O-O c6 12. Ba4 d5 13. Nc3 dxe4 14. Nxe4 Bf5 15. Ng3 Bg6 16. h4 Nf5 17. Nxf5 Bxf5 18. Rfe1 Rad8 19. Rad1 Rd6 20. Rd2 Rfd8 21. Red1 c5 22. d5 Be6 23. b4 Rxd5 24. Rxd5 Rxd5 25. bxc5 Rxd1+ 26. Bxd1 Bxa2 27. Bf3 Kf8 28. Bxb7 Ke7 29. Kh2 a5 30. Be4 h6 31. Kg3 a4 32. Kf4 a3 33. Ke5 Be6 34. Bb1 a2 35. Bxa2 Bxa2 36. c6 Be6 37. f4 f5 38. c7 h5 39. g3 g6 40. Kd4 Kd6 41. c8=Q Bxc8 42. Ke3 Kd5 43. Kd3 Ba6+ 44. Ke3 Kc4 45. Kf2 Kd4 46. Kg1 Ke3 47. Kh2 Kf2 48. Kh3 Bf1+ 49. Kh2 Kf3 50. Kg1 Kxg3 51. Kxf1 Kxf4 52. Kf2 Kg4 53. Ke3 f4+ 54. Kf2 f3 55. Kf1 Kxh4 56. Kf2 Kg4 57. Kg1 Kg3 58. Kh1 Kf2 59. Kh2 Ke2 60. Kg1 f2+ 61. Kh1 f1=Q+ 62. Kh2 Qf2+ 63. Kh3 Qg1 64. Kh4 Qg4# 0-1

[Event "CYCC U10 w"]
[Site "Quebec CAN"]
[Date "2008.07.15"]
[Round "4"]
[White "Cheng, Megan"]
[Black "Labrosse, Karine"]
[Result "1-0"]
[WhiteElo "1049"]
[BlackElo "786"]
[PlyCount "67"]
[GameId "2160767910353984"]
[EventDate "2008.07.14"]
[EventType "swiss"]
[EventRounds "7"]
[EventCountry "CAN"]
[SourceTitle "EXT 2011"]
[Source "ChessBase"]
[SourceDate "2011.11.26"]
[SourceVersion "1"]
[SourceVersionDate "2011.11.26"]
[SourceQuality "1"]

1. e4 e5 2. Nf3 Nc6 3. Bc4 Bc5 4. Nc3 Nf6 5. O-O O-O 6. d3 d6 7. Bg5 Bg4 8. h3 Bd7 9. Nd5 Nxd5 10. Bxd8 Raxd8 11. Bxd5 Rfe8 12. Bxc6 bxc6 13. Re1 Re7 14. Qd2 Rde8 15. b4 Bb6 16. c3 Re6 17. d4 Rh6 18. Qg5 Ree6 19. Rad1 f6 20. Qd2 exd4 21. cxd4 f5 22. exf5 Ref6 23. Re7 Kf8 24. Rxd7 Rxf5 25. Re1 c5 26. dxc5 dxc5 27. Rd8+ Kf7 28. Qd7+ Kg6 29. Re6+ Kh5 30. Rxh6+ Kxh6 31. Qxf5 g6 32. Qg5+ Kg7 33. Rd7+ Kf8 34. Qd8# 1-0

[Event "CYCC U10 w"]
[Site "Quebec CAN"]
[Date "2008.07.15"]
[Round "4"]
[White "Kubiak, Ola"]
[Black "Giblon, Melissa"]
[Result "0-1"]
[WhiteElo "850"]
[BlackElo "1188"]
[PlyCount "94"]
[GameId "2160767910353985"]
[EventDate "2008.07.14"]
[EventType "swiss"]
[EventRounds "7"]
[EventCountry "CAN"]
[SourceTitle "EXT 2011"]
[Source "ChessBase"]
[SourceDate "2011.11.26"]
[SourceVersion "1"]
[SourceVersionDate "2011.11.26"]
[SourceQuality "1"]

1. e4 e5 2. Qh5 Nf6 3. Qf3 Nc6 4. Nc3 Be7 5. d3 Nd4 6. Qd1 O-O 7. Be3 Bc5 8. Na4 Be7 9. c3 Nc6 10. d4 d6 11. dxe5 Nxe5 12. Nf3 Bg4 13. h3 Nxf3+ 14. gxf3 Bd7 15. f4 Nxe4 16. Qf3 Bc6 17. Qg2 Nf6 18. Qg1 Bxh1 19. Qxh1 c6 20. Bd3 b5 21. Qg2 bxa4 22. Ke2 g6 23. f5 Nd5 24. Bh6 Qd7 25. Bxf8 Nf4+ 26. Kf3 Nxg2 27. Bxe7 Nh4+ 28. Bxh4 gxf5 29. Rg1+ Kf8 30. Rg5 Qe6 31. b3 axb3 32. axb3 Qxb3 33. Ke2 Qxc3 34. Bxf5 Re8+ 35. Kf1 a5 36. Bxh7 Qxh3+ 37. Rg2 Qxh4 38. Rg8+ Ke7 39. Rxe8+ Kxe8 40. Bc2 Qc4+ 41. Bd3 Qxd3+ 42. Ke1 a4 43. f4 a3 44. Kf2 a2 45. f5 Qxf5+ 46. Kg3 a1=Q 47. Kh4 Qe1# 0-1

[Event "CYCC U10 w"]
[Site "Quebec CAN"]
[Date "2008.07.15"]
[Round "4"]
[White "Lingyun, Shi"]
[Black "Peng, Jackie"]
[Result "0-1"]
[WhiteElo "1164"]
[BlackElo "1210"]
[PlyCount "74"]
[GameId "2160767910353986"]
[EventDate "2008.07.14"]
[EventType "swiss"]
[EventRounds "7"]
[EventCountry "CAN"]
[SourceTitle "EXT 2011"]
[Source "ChessBase"]
[SourceDate "2011.11.26"]
[SourceVersion "1"]
[SourceVersionDate "2011.11.26"]
[SourceQuality "1"]

1. d4 d5 2. c4 c6 3. Nf3 Nf6 4. Nc3 e6 5. Bf4 Bb4 6. a3 Bxc3+ 7. bxc3 Nbd7 8. Bg5 Qa5 9. Qc2 Ne4 10. Bd2 Nb6 11. cxd5 exd5 12. Ne5 f6 13. Nd3 Nc4 14. Bf4 Qxc3+ 15. Qxc3 Nxc3 16. f3 Nb5 17. a4 Nxd4 18. Rb1 O-O 19. e3 Re8 20. Be2 Nxe3 21. Bxe3 Rxe3 22. Rb2 Nxe2 23. Rxe2 Rxd3 24. Ra2 Bf5 25. O-O Re8 26. a5 Rde3 27. a6 bxa6 28. Rxa6 Bd3 29. Rxa7 Bxf1 30. Kxf1 d4 31. Ra1 d3 32. Rd1 Rd8 33. Kf2 Re7 34. Kg3 d2 35. Kf2 c5 36. g3 c4 37. f4 c3 0-1

[Event "CYCC U10 w"]
[Site "Quebec CAN"]
[Date "2008.07.15"]
[Round "4"]
[White "Reiher, Laurence"]
[Black "Leveille, Maryse"]
[Result "1-0"]
[WhiteElo "1039"]
[BlackElo "1121"]
[PlyCount "129"]
[GameId "2160767910353987"]
[EventDate "2008.07.14"]
[EventType "swiss"]
[EventRounds "7"]
[EventCountry "CAN"]
[SourceTitle "EXT 2011"]
[Source "ChessBase"]
[SourceDate "2011.11.26"]
[SourceVersion "1"]
[SourceVersionDate "2011.11.26"]
[SourceQuality "1"]

1. e4 e5 2. Nf3 Nc6 3. Nc3 Nf6 4. Bc4 Nxe4 5. Nxe4 d5 6. Bxd5 Qxd5 7. Nc3 Qd8 8. O-O Bd6 9. d3 O-O 10. Re1 Re8 11. h3 Bf5 12. Ng5 Qe7 13. Nge4 Bxe4 14. Nxe4 h6 15. Be3 Rad8 16. Nxd6 cxd6 17. Bd2 Rd7 18. Qg4 Red8 19. Bxh6 Qf6 20. Bg5 Qe6 21. Bxd8 Qxg4 22. hxg4 Rxd8 23. Re4 d5 24. Re2 d4 25. c3 dxc3 26. bxc3 Rxd3 27. c4 Rd7 28. f3 Re7 29. Re4 Nb4 30. f4 f6 31. fxe5 fxe5 32. a3 Nc6 33. Rae1 Kf7 34. Rf1+ Kg6 35. Kh2 Kg5 36. Kh3 a6 37. Rf5+ Kg6 38. Kh4 b5 39. cxb5 axb5 40. Rg5+ Kf7 41. Rf5+ Kg8 42. g5 g6 43. Rf6 Nd8 44. Rxg6+ Kf7 45. Rb6 Ne6 46. Rxb5 Nd8 47. Rbxe5 Rxe5 48. Rxe5 Nc6 49. Rf5+ Ke6 50. Rb5 Ne7 51. a4 Nc6 52. a5 Kf7 53. a6 Kg7 54. Rb7+ Kg6 55. a7 Nxa7 56. Rxa7 Kf5 57. Kh5 Ke6 58. g6 Kf6 59. g7 Kf5 60. g8=Q Kf6 61. Qg5+ Ke6 62. Ra6+ Kf7 63. Qb5 Kg7 64. Qb7+ Kh8 65. Ra8# 1-0

[Event "CYCC U10 w"]
[Site "Quebec CAN"]
[Date "2008.07.15"]
[Round "4"]
[White "Sametova, Zhanna"]
[Black "Milicevic, Aleksandra"]
[Result "1-0"]
[WhiteElo "976"]
[BlackElo "1098"]
[PlyCount "105"]
[GameId "2160767910353988"]
[EventDate "2008.07.14"]
[EventType "swiss"]
[EventRounds "7"]
[EventCountry "CAN"]
[SourceTitle "EXT 2011"]
[Source "ChessBase"]
[SourceDate "2011.11.26"]
[SourceVersion "1"]
[SourceVersionDate "2011.11.26"]
[SourceQuality "1"]

1. e4 c5 2. Nf3 Nc6 3. d4 cxd4 4. Nxd4 g6 5. b3 Nf6 6. Nc3 Bg7 7. Bb2 O-O 8. Nxc6 bxc6 9. Bd3 d6 10. O-O c5 11. Re1 Qb6 12. Nd5 Nxd5 13. Bxg7 Kxg7 14. exd5 Re8 15. a4 a5 16. Bb5 Rf8 17. Rxe7 Ra7 18. Rxa7 Qxa7 19. Qe2 Bd7 20. Qe7 c4 21. Qxd7 Qd4 22. Re1 Qd2 23. Kf1 cxb3 24. cxb3 Qxd5 25. Bc4 Qa8 26. Re7 Qb8 27. Rxf7+ Rxf7 28. Qxf7+ Kh6 29. g4 Qc8 30. Qf4+ Kg7 31. Kg1 Qd7 32. g5 d5 33. Qd4+ Kf8 34. Qh8+ Kf7 35. Qxh7+ Ke6 36. Qxd7+ Kxd7 37. Bxd5 Kd6 38. Bf7 Kc5 39. Bxg6 Kb4 40. Bf7 Kc5 41. g6 Kd6 42. g7 Ke5 43. g8=Q Kd4 44. h4 Kc3 45. h5 Kb2 46. h6 Kc2 47. h7 Kc3 48. h8=Q+ Kd2 49. Qd4+ Ke2 50. Qe8+ Kf3 51. Qf6+ Kg4 52. Qg8+ Kh3 53. Qh6# 1-0

[Event "CYCC U10 w"]
[Site "Quebec CAN"]
[Date "2008.07.16"]
[Round "5"]
[White "Cheng, Megan"]
[Black "Kubiak, Ola"]
[Result "1-0"]
[WhiteElo "1049"]
[BlackElo "850"]
[PlyCount "69"]
[GameId "2160767910353989"]
[EventDate "2008.07.14"]
[EventType "swiss"]
[EventRounds "7"]
[EventCountry "CAN"]
[SourceTitle "EXT 2011"]
[Source "ChessBase"]
[SourceDate "2011.11.26"]
[SourceVersion "1"]
[SourceVersionDate "2011.11.26"]
[SourceQuality "1"]

1. e4 e5 2. Nf3 Nc6 3. Bc4 Nh6 4. O-O d6 5. h3 Be6 6. Bb3 d5 7. Re1 Nd4 8. Nc3 Nxb3 9. axb3 Bb4 10. d3 d4 11. Ra4 c5 12. Nxe5 Qd6 13. Nc4 Qd8 14. Bd2 dxc3 15. Bxc3 Bxc3 16. bxc3 Rc8 17. Rxa7 Rc7 18. Qa1 Rc8 19. Ne3 b6 20. Qa4+ Bd7 21. Qa6 g6 22. Nd5 Ng8 23. Nxb6 Rb8 24. Qa5 Qxb6 25. Qa1 Qd8 26. c4 Nf6 27. e5 Be6 28. exf6 Qd6 29. Ra6 Qd7 30. Ra7 Qd8 31. Qa4+ Qd7 32. Rxd7 Kf8 33. Qa7 Bxd7 34. Qxb8+ Be8 35. Qxe8# 1-0

[Event "CYCC U10 w"]
[Site "Quebec CAN"]
[Date "2008.07.16"]
[Round "5"]
[White "Giblon, Melissa"]
[Black "Labrosse, Karine"]
[Result "1-0"]
[WhiteElo "1188"]
[BlackElo "786"]
[PlyCount "35"]
[GameId "2160767910353990"]
[EventDate "2008.07.14"]
[EventType "swiss"]
[EventRounds "7"]
[EventCountry "CAN"]
[SourceTitle "EXT 2011"]
[Source "ChessBase"]
[SourceDate "2011.11.26"]
[SourceVersion "1"]
[SourceVersionDate "2011.11.26"]
[SourceQuality "1"]

1. e4 e5 2. Nf3 Nc6 3. Bc4 Bc5 4. O-O Nf6 5. Nc3 O-O 6. d3 d6 7. h3 Bd7 8. Bg5 Re8 9. Nd5 h6 10. Nxf6+ Kf8 11. Nh7+ Kg8 12. Bxd8 Raxd8 13. Nhg5 hxg5 14. Nxg5 d5 15. Bxd5 Re7 16. Qh5 g6 17. Qh7+ Kf8 18. Qh8# 1-0

[Event "CYCC U10 w"]
[Site "Quebec CAN"]
[Date "2008.07.16"]
[Round "5"]
[White "Leveille, Maryse"]
[Black "Sametova, Zhanna"]
[Result "1/2-1/2"]
[WhiteElo "1121"]
[BlackElo "976"]
[PlyCount "106"]
[GameId "2160767910353991"]
[EventDate "2008.07.14"]
[EventType "swiss"]
[EventRounds "7"]
[EventCountry "CAN"]
[SourceTitle "EXT 2011"]
[Source "ChessBase"]
[SourceDate "2011.11.26"]
[SourceVersion "1"]
[SourceVersionDate "2011.11.26"]
[SourceQuality "1"]

1. e4 c5 2. Nf3 Nc6 3. d4 cxd4 4. Nxd4 Nf6 5. Nc3 e5 6. Nxc6 bxc6 7. Bd3 Bb4 8. a3 Ba5 9. O-O Bxc3 10. bxc3 O-O 11. Be3 d5 12. exd5 Nxd5 13. Bd2 Bb7 14. Qh5 g6 15. Qxe5 Re8 16. Qg5 Qxg5 17. Bxg5 Re5 18. Bd2 Rae8 19. Rfe1 g5 20. Rxe5 Rxe5 21. Re1 Rxe1+ 22. Bxe1 Bc8 23. Bd2 h6 24. h3 Kg7 25. Be2 Nf4 26. Bxf4 gxf4 27. Kh2 Kf6 28. Bg4 Bxg4 29. hxg4 Kg5 30. Kh3 h5 31. gxh5 Kxh5 32. g3 fxg3 33. fxg3 f5 34. c4 Kg5 35. Kg2 f4 36. gxf4+ Kxf4 37. Kf2 Ke4 38. c3 Kd3 39. c5 Kxc3 40. Ke3 Kc4 41. Kd2 Kxc5 42. Kc2 Kc4 43. Kb2 a5 44. Ka2 Kb5 45. Kb3 a4+ 46. Ka2 Kc4 47. Kb2 Kd3 48. Ka2 c5 49. Kb1 c4 50. Kb2 Kd2 51. Kb1 c3 52. Ka1 c2 53. Ka2 c1=Q 1/2-1/2

[Event "CYCC U10 w"]
[Site "Quebec CAN"]
[Date "2008.07.16"]
[Round "5"]
[White "Milicevic, Aleksandra"]
[Black "Lingyun, Shi"]
[Result "1-0"]
[WhiteElo "1098"]
[BlackElo "1164"]
[PlyCount "111"]
[GameId "2160767910353992"]
[EventDate "2008.07.14"]
[EventType "swiss"]
[EventRounds "7"]
[EventCountry "CAN"]
[SourceTitle "EXT 2011"]
[Source "ChessBase"]
[SourceDate "2011.11.26"]
[SourceVersion "1"]
[SourceVersionDate "2011.11.26"]
[SourceQuality "1"]

1. e4 e5 2. Nf3 Nc6 3. Bc4 Nf6 4. Qe2 Bc5 5. Ng5 d5 6. exd5 Nxd5 7. d3 h6 8. Nf3 O-O 9. O-O Qd6 10. Re1 Re8 11. Bd2 Bg4 12. h3 Bh5 13. Nc3 Nxc3 14. Bxc3 Nd4 15. Bxd4 Qxd4 16. Nxd4 Bxe2 17. Rxe2 Bxd4 18. Rb1 Rad8 19. c3 Bb6 20. Rbe1 c6 21. Rxe5 Rxe5 22. Rxe5 Bc7 23. Re2 b5 24. Bb3 Rxd3 25. Re8+ Kh7 26. Bc2 g6 27. Bxd3 Bd6 28. a3 a5 29. Re4 a4 30. f3 Kg7 31. g4 f6 32. Re6 Bf8 33. Rxc6 g5 34. Bxb5 Be7 35. Bxa4 Kg6 36. Bc2+ Kf7 37. a4 Bd8 38. Rd6 Be7 39. Rd1 Bc5+ 40. Kg2 Bb6 41. Rb1 Ke7 42. b4 Kd6 43. a5 Ba7 44. b5 Kc5 45. b6 Bb8 46. a6 Kc4 47. a7 Bxa7 48. bxa7 Kxc3 49. a8=Q Kxc2 50. Qa2+ Kd3 51. Rb3+ Kc4 52. Qa4+ Kc5 53. Rb5+ Kd6 54. Qa6+ Ke7 55. Rb7+ Ke8 56. Qa8# 1-0

[Event "CYCC U10 w"]
[Site "Quebec CAN"]
[Date "2008.07.16"]
[Round "5"]
[White "Peng, Jackie"]
[Black "Reiher, Laurence"]
[Result "1-0"]
[WhiteElo "1210"]
[BlackElo "1039"]
[PlyCount "137"]
[GameId "2160767910353993"]
[EventDate "2008.07.14"]
[EventType "swiss"]
[EventRounds "7"]
[EventCountry "CAN"]
[SourceTitle "EXT 2011"]
[Source "ChessBase"]
[SourceDate "2011.11.26"]
[SourceVersion "1"]
[SourceVersionDate "2011.11.26"]
[SourceQuality "1"]

1. e4 e5 2. Nf3 Nc6 3. d4 d6 4. dxe5 dxe5 5. Qxd8+ Nxd8 6. Nxe5 Nf6 7. Nc3 Nc6 8. Nxc6 bxc6 9. Bf4 Bd6 10. e5 g5 11. exd6 gxf4 12. dxc7 Bf5 13. Ba6 O-O 14. O-O-O Ng4 15. Rdf1 Ne5 16. Re1 Rfe8 17. g3 fxg3 18. hxg3 f6 19. f4 Nf3 20. Rxe8+ Rxe8 21. Rd1 Kf8 22. Rd8 h5 23. Rxe8+ Kxe8 24. c8=Q+ Bxc8 25. Bxc8 h4 26. gxh4 Nxh4 27. f5 Kd8 28. Bb7 Nxf5 29. Bxc6 Ne7 30. Bb5 f5 31. Ne2 Nd5 32. c4 Ne7 33. c5 Nd5 34. Bc4 Nc7 35. Bd3 Ne6 36. Bxf5 Nxc5 37. Kc2 a5 38. Kc3 Na4+ 39. Kb3 Nc5+ 40. Kc4 Nb7 41. Kb5 Nd6+ 42. Kxa5 Nxf5 43. b4 Nd6 44. a4 Nb7+ 45. Kb6 Kc8 46. Ka7 Kc7 47. b5 Na5 48. b6+ Kc8 49. Nd4 Nc4 50. b7+ Kd7 51. b8=Q Ke7 52. Qb4+ Nd6 53. Nf5+ Ke6 54. Nxd6 Ke5 55. Qd2 Ke6 56. Qd4 Ke7 57. Nc4 Ke6 58. Qc5 Kf6 59. Qd5 Ke7 60. Qc6 Kf7 61. Kb7 Ke7 62. Kc7 Kf7 63. Qd6 Kg7 64. Qe6 Kh8 65. Qe7 Kg8 66. a5 Kh8 67. a6 Kg8 68. a7 Kh8 69. a8=Q# 1-0

[Event "CYCC U10 w"]
[Site "Quebec CAN"]
[Date "2008.07.16"]
[Round "6"]
[White "Labrosse, Karine"]
[Black "Sametova, Zhanna"]
[Result "0-1"]
[WhiteElo "786"]
[BlackElo "976"]
[PlyCount "100"]
[GameId "2160767910353994"]
[EventDate "2008.07.14"]
[EventType "swiss"]
[EventRounds "7"]
[EventCountry "CAN"]
[SourceTitle "EXT 2011"]
[Source "ChessBase"]
[SourceDate "2011.11.26"]
[SourceVersion "1"]
[SourceVersionDate "2011.11.26"]
[SourceQuality "1"]

1. e4 c5 2. Nf3 Nc6 3. Bb5 a6 4. Ba4 d6 5. O-O e5 6. d3 Nf6 7. Nc3 Be7 8. Bg5 O-O 9. Re1 Bg4 10. h3 Bh5 11. Qd2 Nd7 12. h4 Bxf3 13. Bb3 Bh5 14. Nd5 Bxg5 15. hxg5 Ne7 16. Nf4 exf4 17. Qxf4 Ne5 18. d4 cxd4 19. g6 N5xg6 20. Qg5 h6 21. Qxh5 Kh8 22. Rad1 Qb6 23. Rd3 Nf4 24. Qh4 g5 25. Qg4 Nxd3 26. Rd1 Nxb2 27. Re1 Qb4 28. Re2 a5 29. f4 Qb6 30. fxg5 d3+ 31. Rf2 Rg8 32. cxd3 Nxd3 33. Qh4 Rxg5 34. Kf1 Qxf2+ 35. Qxf2 Nxf2 36. Kxf2 f5 37. Bc2 Rag8 38. exf5 Nxf5 39. Kf3 Nd4+ 40. Kf4 Nxc2 41. g3 Rxg3 42. a3 d5 43. Ke5 d4 44. Ke4 d3 45. a4 d2 46. Kd5 d1=Q+ 47. Kc5 Qa1 48. Kb5 R3g5+ 49. Kb6 Qf6+ 50. Kxb7 R5g7# 0-1